IFM Opac

Survival Analysis: (Record no. 22163)

MARC details
000 -LEADER
fixed length control field 00357nam a22001457a 4500
020 ## - INTERNATIONAL STANDARD BOOK NUMBER
ISBN 978-1-4939-5018-8
082 ## - DEWEY DECIMAL CLASSIFICATION NUMBER
Classification number 519.523
100 ## - MAIN ENTRY--AUTHOR NAME
Personal name Kleinbaum, David G.
245 ## - TITLE STATEMENT
Title Survival Analysis:
Sub Title A Self-Learning Text
250 ## - EDITION STATEMENT
Edition statement 3rd
260 ## - PUBLICATION, DISTRIBUTION, ETC. (IMPRINT)
Place of publication Atlanta:
Name of publisher Springer,
Year of publication 2012
300 ## - PHYSICAL DESCRIPTION
Number of Pages xv, 700p.: ill.: 25cm
700 ## - ADDED ENTRY--PERSONAL NAME
Personal name Klein, Mitchel
942 ## - ADDED ENTRY ELEMENTS (KOHA)
Koha item type Books
Holdings
Withdrawn status Lost status Damaged status Not for loan Collection code Permanent Location Current Location Shelving location Date acquired Source of acquisition Full call number Accession Number Price effective from Koha item type
        Non-fiction IFM Main Campus Library IFM Main Campus Library Work Room processing 01/15/2026 Purchased 519.523 KLE 0000024628 01/15/2026 Books
        Non-fiction IFM Main Campus Library IFM Main Campus Library Work Room processing 01/15/2026 Purchased 519.523 KLE 0000024636 01/15/2026 Books
        Non-fiction IFM Main Campus Library IFM Main Campus Library Work Room processing 01/15/2026 Purchased 519.523 KLE 0000024627 01/15/2026 Books
        Non-fiction IFM Main Campus Library IFM Main Campus Library Work Room processing 01/15/2026 Purchased 519.523 KLE 0000024629 01/15/2026 Books
        Non-fiction IFM Main Campus Library IFM Main Campus Library Work Room processing 01/15/2026 Purchased 519.523 KLE 0000024625 01/15/2026 Books